000 00406nam a22001577a 4500
020 _a9788174361998
082 _a823.01
_bRUS/D
100 _aRuskin Bond
_959298
245 _aDays of Innocence/
_cby Ruskin Bond
260 _aNewdelhi:
_bRoli Books,
_c2002.
300 _a143p.
650 _aStories English
_959299
650 _aLiterature English
_959300
650 _aLiterature
_959301
942 _cBK
999 _c139106
_d139106